| 000 | 00512nam a22002057a 4500 | ||
|---|---|---|---|
| 003 | OSt | ||
| 005 | 20131025131300.0 | ||
| 008 | 131014b xxu||||| |||| 00| 0 eng d | ||
| 020 | _a8493048186 | ||
| 024 |
_2DL _aM.6427-2000 |
||
| 040 | _cCDMR | ||
| 100 |
_94046 _aVolpini, Federico |
||
| 245 |
_aDiario de un reportero _cFederico Volpini |
||
| 250 | _a2a ed | ||
| 260 |
_aMadrid _bFoca _c2000 |
||
| 300 | 4 | _a445 p. | |
| 490 |
_aFoca Memorias _v5 |
||
| 650 | 0 | 4 |
_93074 _aPeriodistes _vBiografia |
| 942 |
_2udc _cMON |
||
| 999 |
_c6638 _d6638 |
||